000 00781nam a22002417a 4500
001 BD-DhSAU #
003 BD-DhSAU
005 20230314131118.0
008 151014b2008 bg ||||| |||| 001 0 eng d
040 _aBD-DhSAU
082 _222
_a331.4
_bAn787
100 M _aAnny, Sauda Afrin
245 _aSocial media and womanempowerment in Bangladesh: Dairy value chain perspective /
_b Thesis (MSc. Food Economics and Marketing)
260 _aUniversity of Reading :
_bDepartment of Agricultural Economics;
_c2021.
300 _aix, 93 p. :
_bill. ;
_c30 cm.
504 _aIncludes Bibliographical References .
590 _aNazmul
600 _qSocial media
610 _awomanempowerment
650 _2Dairy value chain perspective
856 _uNo
942 _2ddc
_cTHESIS
999 _c15766
_d15765